000 00340nam a2200157Ia 4500
003 Ost
005 20260225132541.0
008 260225s9999||||xx |||||||||||||| ||und||
040 _cfsic
041 _afre
082 _a339.4
100 _aEric alttan
_eAuteur
245 0 _aLes consomateurs /
245 0 _cEric alttan
942 _cكتاب
999 _c33491
_d33491